| 000 | 00475nam a2200193Ia 4500 | ||
|---|---|---|---|
| 008 | 170918s9999 xx 000 0 und d | ||
| 020 | _a9780590511858 | ||
| 050 | _bC554 1996 | ||
| 100 | _aChristelow, Eileen | ||
| 245 | _aFive little monkeys with nothing to do / | ||
| 245 | _cby Eileen Christelow. | ||
| 260 | _aNew York : | ||
| 260 | _bScholastic, | ||
| 260 | _c1996 | ||
| 300 | _a36 pages : | ||
| 300 | _bchiefly colored ; | ||
| 300 | _c20cm. | ||
| 500 | _a400 | ||
| 999 |
_c343037 _d343037 |
||